000 00607cam a22002293a 4500
001 30089
003 PGUSA
005 20140828083641.0
008 090925s2009||||xxu|||||s|||||000 1 eng d
040 _aPGUSA
_beng
042 _adc
050 4 _aPR
100 1 _aMaclaren, Ian,
_d1850-1907
245 1 0 _aYoung Barbarians
_h[electronic resource] /
_cIan Maclaren
260 _bProject Gutenberg,
_c2009
506 _aPublic domain in the USA.
516 _aElectronic text
653 _aFiction
830 0 _aProject Gutenberg
_v30089
856 4 0 _uhttp://www.gutenberg.org/ebooks/30089
942 _cEB
999 _c259344
_d259344